00708nam a22001937a 4500999001900000005001700019010001500036020002600051035001400077037000900091082000800100100001600108245009500124260004700219270007900266300002900345942002200374952011800396 c185795d18579520220210101320.0 aENG-131484 a9788173055669c995.00 aEN-115016 bDBAD a934 aLal, Rajesh aGlimpses of India:bSome 5000 Years Ago A story of Our Rich Cultural Heritage/cRajesh Lal aNew DelhibAryan Books Internationalc2017 aPooja Apartments, 4B, Ansari RoadbNew Delhie110002maryanbooks@gmail.com a164 p.bIndexc25cm(hbk) 2ddccENh934mLAL 001040708NFICaBNbBNd2022-02-10eDBAD/PUBg995.00l0o934 LALpEN-115016r2022-02-10 00:00:00t1v995.00yEN